• 首页
  • 本馆介绍
  • 公告通知
  • 最新文献
  • 馆藏检索
  • 电子资源
  • 读者导购
  • 参考咨询
  • 我的图书馆
  • 登录
  • 详细信息显示
  • 放入我的书架
  • 预约/预借图书
  • 作者相关作品
  • 分类相关作品
  • 丛书相关作品
  • 出版社相关作品

书目信息

  • 表格格式
  • 工作单格式
  • 卡片格式
书名: Oliver Cromwell
作者: Pauline Gregg
分册号:
分册名:
出版地: Loughborough :
 
出版社: Ladybird Books LTD
出版时间: 1963.
页数: 50 p. ;
开本: 19 cm.
丛书名:
中图分类号:
科图分类号:
其他分类号: H319.4
主题词:
电子资源:
000 01117nam 2200325 a 4500
001 E0760245664
005 20070228165012.57
008 00110beng
008 uu
008 001963
010    @a89130716
043    @ae-uk---
049    @aN5LA
050 0  @aDA426 @b.G74 1988
082 0  @a941.06/4/092 @aB @220
090    @a2-89/K835.617/C94G7/////////////////845684
090    @aH319.4
096    @aK835.617 @v2
099    @dH319.4@ex28:5
100 10 @aGregg, Pauline.
245 10 @aOliver Cromwell :@bRobert the Bruce / @cPauline Gregg
260 0  @aLoughborough :@bLadybird Books LTD,@c1963.
300    @a50 p. ;@c19 cm.
504    @aIncludes bibliographical references.
600 10 @aCromwell, Oliver, @d1599-1658.
650  0 @aGenerals @zGreat Britain @xBiography.
650  0 @aHeads of state @zGreat Britain @xBiography.
651  0 @aGreat Britain @xHistory @yPuritan Revolution, 1642-1660.
700 1  @aCromwell, Oliver. @b00 @c20020930 @lNLC09 @h2250 @b00 @c20021015 @lNLC09 @h2000 @lNLC09 @h2349 @lNLC09 @h1941
852 9  @bWWJC @cJ08N @k2-89 @hK835.617 @iC94G7
    
    Oliver Cromwell : : Robert the Bruce / / Pauline Gregg.-Loughborough : : Ladybird Books LTD, , 1963.
    50 p. ; ; 19 cm.
    Includes bibliographical references.
    
    ISBN
    
●
相关链接 在E读中查询图书 在五车中查询图书 在当当中查询图书 在豆瓣中查询图书


正题名:Oliver Cromwell     索取号:H319.4/x28:5         预约/预借

序号 登录号 条形码 馆藏地/架位号 状态 备注
1 182362   001184220   第二样本阅览室/ [索取号:H319.4/x28:5] 在馆    
2 182363   001184239   第四借阅区/ [索取号:H319.4/x28:5] 在馆    
3 182364   001184275   第四借阅区/ [索取号:H319.4/x28:5] 在馆    
唐山师范学院图书馆 欢迎您!
大连网信软件有限公司© 版权所有